Reprezentacje na Mistrzostwach Świata 2018 - Statystyki

Ogólne statystyki
  • Ten quiz został rozwiązany 600 razy
  • Średni wynik to 25 z 32
Statystyki odpowiedzi
Grupa A % Poprawnych
Polska
98%
Rosja
96%
Francja
95%
Argentyna
94%
Japonia
94%
Hiszpania
93%
Portugalia
92%
Brazylia
90%
Niemcy
90%
Anglia
89%
Senegal
89%
Belgia
87%
Kolumbia
87%
Chorwacja
86%
Szwecja
83%
Urugwaj
82%
Korea Południowa
80%
Arabia Saudyjska
76%
Australia
76%
Dania
76%
Egipt
76%
Meksyk
76%
Maroko
75%
Szwajcaria
74%
Iran
70%
Nigeria
66%
Serbia
64%
Panama
62%
Tunezja
58%
Kostaryka
56%
Peru
54%
Islandia
53%
Nie znaleziono quizów pasujących do podanych kryteriów
Rozkład punktacji
Procent ludzi z każdym wynikiem
Percentyl według liczby udzielonych odpowiedzi
Twoja historia wyników
Nie rozwiązałeś tego quizu